000 00588cam a2200181u 4500
001 000015783
005 20200929164142.0
008 810825s1967 ve a 000 0 spa
010 _a68101729
040 _aDO-SdBNP
_cCarP
_dDLC
050 0 0 _aPN1991.7
_b.A7
100 1 _aAra, Angel. [from old catalog]
_935526
245 1 4 _aLos clasicos y el microfono,.
260 _a[Caracas] :
_bUniversidad Central de Venezuela, Facultad de Humanidades y Education,
_c[1967].
300 _a130 p. :
_billus. ;
_c24 cm.
650 0 _aRadio authorship.
_935527
910 _aCatalogación por copia / LC
999 _c15330
_d15330